Sites et Applis de rencontre - Mort Subite - Statistiques

Statistiques générales
  • Ce quiz a été pris 151 fois
  • Le résultat moyen est 7 sur 30
Answers on the Grid
Answers color-coded by a green-red scale on the quiz's grid according to % correct below.
Adam4Adam
AnstasiaDate
Ashley Madison
Badoo
Tinder
Meetic
Place des Célibataires
YoyoMatch
Hinge
Her
Adopte
Happn
Bumble
Gleeden
Christian Connection
Facebook Dating
GayRomeo
Match
Parship
Disons-Demain
PlentyofFish
Pure
Seules
SpeedDate
Fruitz
Lovoo
Feels
EliteRencontre
Once
Voisins Solitaires
Like&Love
Marions-nous Demain
Amour Toujours
LSDate
FlirtForMore
Idyllic
Paradis à deux
Swipe
Amour gai
OrigAmi
MeetUs
Oh Love
Likedin
Betclic
TalkLove
CupidIsland
Cherry
Câlins sans lendemain
 
Statistiques - réponses
Réponse % Correct
Meetic
68%
Tinder
67%
Fruitz
63%
Happn
51%
Hinge
49%
Badoo
43%
Adopte
42%
Bumble
39%
Lovoo
36%
EliteRencontre
25%
Facebook Dating
23%
Feels
22%
Gleeden
21%
Disons-Demain
16%
Once
13%
YoyoMatch
11%
GayRomeo
9%
Her
8%
Pure
8%
Voisins Solitaires
7%
Adam4Adam
6%
Christian Connection
6%
Match
6%
SpeedDate
6%
Seules
3%
Ashley Madison
2%
Parship
2%
Place des Célibataires
2%
PlentyofFish
1%
AnstasiaDate
0%
Aucun quiz correspondant
Distribution des résultats
% des personnes avec chaque résultat
Percentile par nombre de réponses
Votre historique - résultats
Vous n’avez pas pris ce quiz